Порядок смотра его императорским величеством округов военнаго поселения 1-й Гренадерской дивизии в июле месяце 1826 года (Запись № 3325210)

Подробности
000 -МАРКЕР
контрольное поле 02793nam0a22003971 4500
001 - ИДЕНТИФИКАТОР ЗАПИСИ
контрольное поле v19\rc\1189595
005 - ИДЕНТИФИКАТОР ВЕРСИИ
контрольное поле 20260406234046.0
035 ## - ДРУГИЕ СИСТЕМНЫЕ НОМЕРА
Идентификатор записи (NLR Aleph) 004357002
100 ## - ДАННЫЕ ОБЩЕЙ ОБРАБОТКИ
Данные общей обработки 20051201d1826 |||y0rusy50 ca
101 0# - ЯЗЫК РЕСУРСА
Язык текста, звукозаписи и т.д. русский
102 ## - СТРАНА ПУБЛИКАЦИИ ИЛИ ПРОИЗВОДСТВА
Страна публикации Российская Федерация
135 ## - ПОЛЕ КОДИРОВАННЫХ ДАННЫХ: ЭЛЕКТРОННЫЕ РЕСУРСЫ
Кодированные данные для электронного ресурса crcn 024anaba
140 ## - ПОЛЕ КОДИРОВАННЫХ ДАННЫХ: СТАРОПЕЧАТНЫЕ ИЗДАНИЯ - ОБЩАЯ ИНФОРМАЦИЯ
Кодированные данные о старопечатном издании - Основные y y da yaa0000
200 1# - ЗАГЛАВИЕ И СВЕДЕНИЯ ОБ ОТВЕТСТВЕННОСТИ
Основное заглавие Порядок смотра его императорским величеством округов военнаго поселения 1-й Гренадерской дивизии в июле месяце 1826 года
210 ## - ПУБЛИКАЦИЯ, РАСПРОСТРАНЕНИЕ И ДР.
Место издания, распространения и т.д. Санктпетербург
Имя издателя, распространителя и т. д. в типографии Штаба военных поселений
Дата издания, распространения и т.д. 1826
215 ## - ФИЗИЧЕСКАЯ ХАРАКТЕРИСТИКА
Специфическое обозначение материала и объем 8 с.
Размеры
316 ## - ПРИМЕЧАНИЯ ОБ ОСОБЕННОСТЯХ ЭКЗЕМПЛЯРА
Текст примечания Экз. РНБ (18.13.6.30 (алл.1)) является частью владельч. конволюта. Припл. 1 ед. В обл. из картона, оклеенного красноватой бумагой. На 1-й с. обл. ярлык с шифром РНБ и бумаж. наклейка с номером: "№ 160". На 2-й с. обл. ярлык с шифром РНБ. На с.3 круглый штамп ГПБ. На с.3, 5-6 владельч. пометы, уточняющие текст, на с.7 пять строк зачеркнуто. Размер: 19,0х12,5х0,4 см
Организация и экземпляр, к которому относится поле NLR: 18.13.6.30 (алл.1)
325 ## - ПРИМЕЧАНИЕ О КОПИИ
Текст примечания Копия доступна в Электрон. б-ке РНБ
481 #0 - ТАКЖЕ В ЭТОМ ПЕРЕПЛЕТЕ
Встроенное поле 001RU\NLR\BIBL_A\012695580
Системный номер (АБИС) связанной записи 12861238
Автор Клейнмихель, П.А. (1793-1969)
Дата публикации [1826]
Физическая характеристика [4] с.
Заглавие Приказ по Отдельному корпусу военных поселений июля 19 дня 1826 года
532 11 - РАСШИРЕННОЕ ЗАГЛАВИЕ
Заглавие Порядок смотра его императорским величеством округов военного поселения Первой Гренадерской дивизии в июле месяце 1826 года
620 ## - МЕСТО И ДАТА ПУБЛИКАЦИИ, ИСПОЛНЕНИЯ И Т. Д.
Город Санкт-Петербург
702 #0 - ИМЯ ЛИЦА - ВТОРИЧНАЯ ОТВЕТСТВЕННОСТЬ
Графика поля Кириллица
Материалы, к которым относится поле rus
Начальный элемент ввода Николай
Дополнения к именам, кроме дат император российский
Римские цифры I
Даты 1796-1855
Системный номер авторитетной/нормативной записи 119033
Идентификатор авторитетной/нормативной записи RU\NLR\AUTH\779185
712 02 - НАИМЕНОВАНИЕ ОРГАНИЗАЦИИ - ВТОРИЧНАЯ ОТВЕТСТВЕННОСТЬ
Начальный элемент ввода Гренадерская дивизия
Идентифицирующий признак 1
Системный номер авторитетной/нормативной записи 470750
Идентификатор авторитетной/нормативной записи RU\NLR\AUTH\889987578
712 01 - НАИМЕНОВАНИЕ ОРГАНИЗАЦИИ - ВТОРИЧНАЯ ОТВЕТСТВЕННОСТЬ
Начальный элемент ввода Россия
Структурное подразделение Штаб военных поселений
-- Типография
Код отношения Печатник (типограф)
801 #0 - ИСТОЧНИК ЗАПИСИ
Страна Российская Федерация
Организация NLR
Правила каталогизации psbo
801 #0 - ИСТОЧНИК ЗАПИСИ
Страна Российская Федерация
Организация RuMoRGB
Источник данных psbo
801 #1 - ИСТОЧНИК ЗАПИСИ
Страна Российская Федерация
Организация ProSoft-M
Источник данных rusmarc
852 ## - МЕСТОНАХОЖДЕНИЕ И ШИФР ХРАНЕНИЯ
Идентификатор организации NLR
Шифр хранения (Call Number) 18.13.6.30 (алл.1)
942 ## - ДОПОЛНИТЕЛЬНЫЕ ЭЛЕМЕНТЫ ЗАПИСИ (АБИС)
Тип экземпляра АБИС Книга
980 ## - КОЛЛЕКЦИЯ
Название коллекции Национальная библиография
981 22 - КОЛЛЕКЦИЯ ЭЛЕКТРОННОЙ БИБЛИОТЕКИ
Название коллекции Материалы по истории России
Название подколлекции 2.01. Военное дело
981 20 - КОЛЛЕКЦИЯ ЭЛЕКТРОННОЙ БИБЛИОТЕКИ
Название коллекции Книжные памятники РНБ
Название подколлекции Русский книжный фонд
Экземпляры
Тип экземпляра Дата поступления Библиотека постоянного хранения Библиотека текущего хранения Место хранения Шифр хранения Штрих-код Статус экземпляра
Книга 26.10.2013 РНБ (Садовая) РНБ (Садовая) Русский книжный фонд -Главное здание, Ленинский читальный зал 18.13.6.30 4357002-10